000 00822nam a22002417a 4500
999 _c13862
_d13862
003 AR-CdUCM
008 190416b ||||| |||| 00| 0 spa d
020 _a978-612-4100-02-4
040 _aMUNICIPALIDAD PROVINCIAL DEL CUSCO
_cBIBLIOTECA MUNICIPAL DEL CUSCO
082 _a628 /
_bB59
100 _a
_917925
110 _aINDECI
_932448
245 _aEvaluación del Impacto Socioeconómico de la Temporada de Lluvias 2010 en la Región Cusco /
260 _aLima :
_c2012.
_bDianluk SRL ;
300 _a119 páginas ;
_c30cm
500 _aCuaderno técnico n° 7
650 _aLluvias
_932449
650 _aCusco
_9772
710 _aInstituto Nacional de Defensa Civil
_932450
710 _aAgencia Suiza para el Desarrollo y la Cooperación - COSUDE
_932451
942 _2ddc
_cLIBROS
945 _anom
_d2019-04-16